| 000 | 00356cam a22001217a 4500 | ||
|---|---|---|---|
| 008 | 180718b1981 xxu||||| |||| 00| 0 eng d | ||
| 082 | _aJ71x54 B469U | ||
| 245 |
_aUrban problems and policy perspectives _cedited by Gopal Bhargava |
||
| 260 |
_aNew Delhi _bAbhinav _c1981 |
||
| 300 | _axiii, 531p | ||
| 650 | _aUrban policy -India. | ||
| 700 | _aBhargava, Gopal | ||
| 999 |
_c410037 _d410037 |
||